00526nam a22001937i 45000010005000000030004000050050017000090070003000260080041000290240014000700400008000842450037000922600020001294900037001496510019001861100029002058660038002348660060002727848OSt20170126082404.0tu161220s xxu||||| |||| 00| 0 d7 a78482RID cOSt00aEstimate of GDP Creation and Use aCzech Republic. aEstimate of GDP Creation and Use aCzech Republic2 aCzech Statistical Office 0u1997/Q4-1999/Q4 (unvollständig) 0u


vorhanden:
1997/Q4
1998/Q4
1999/Q4